Lebiasina ortegai (Characiformes: Lebiasinidae), nueva especie, sistema del río Cauca, Colombia (Registro nro. 16367)

Detalles MARC
000 -CABECERA
Campo de control 005790000a22001690004500
090 ## - CLASIFICACIÓN LOCAL
Colección SERIADAS
041 0# - IDIOMA
Código de idioma para texto/pista de sonido o título separado
044 ## - PAÍS DE PUBLICACIÓN
País de publicación
100 1# - ASIENTO PRINCIPAL--NOMBRE PERSONAL
Nombre personal Ardila Rodríguez, Carlos A.
245 10 - MENCION DE TITULO
Título Lebiasina ortegai (Characiformes: Lebiasinidae), nueva especie, sistema del río Cauca, Colombia
651 #4 - ASIENTO SECUNDARIO DE MATERIA - NOMBRE GEOGRAFICO
-- Valle del Cauca
-- Río Las Cañas
-- Florida
773 1# - Item fuente:
Título Dahlia
Datos de la serie Revista de la Asociación Colombiana de Ictiólogos
Descripción física 10
Paginas del Articulo 17-25
Lugar, editorial y fecha de publicación 2008
942 ## - ELEMENTOS ADICIONALES (KOHA)
Tipo de ítem Artículo

No hay ítems disponibles.